00565nam a2200181Ia 4500008004100000100001800041245004400059245001700103260002400120260000900144300001200153440002400165650002500189650002800214650004800242999001900290952007400309190912s9999 xx 000 0 und d aRomero, Paolo aDoes Rody still want emergency powers?/ cPaolo Romero bThe Philippine Star c2017 aJuly 24 aThe Philippine Star aemergency power bill aPolitics -- Philippines aRodrigo Duterte -- President -- Philippines c362101d362101 001040aLUXbLUXd2019-09-12l0r2019-09-12 00:00:00w2019-09-12ySE